[Event "Sri Lanka National B Chess Championship 2015"]
[Site "SLIIT, Malabe"]
[Date "2015.06.28"]
[Round "9"]
[Board "17"]
[White "Prabajith, Asela"]
[Black "Anojman, S."]
[Result "0-1"]
[WhiteElo "1845"]
[BlackElo "1610"]
[PlyCount "128"]
[EventDate "2015.06.19"]
[EventRounds "10"]
[EventCountry "SRI"]

1. e4 c5 2. Nc3 Nc6 3. f4 g6 4. Nf3 Bg7 5. Bb5 Nd4 6. O-O e6 7. e5 Ne7 8. a4
O-O 9. Ne4 a6 10. Nxd4 cxd4 11. Be2 d5 12. Nd6 Qc7 13. Nxc8 Raxc8 14. c3 Qc5
15. Kh1 Nc6 16. Qe1 b5 17. Rf3 f6 18. exf6 Bxf6 19. Rh3 e5 20. Bg4 Rce8 21. f5
g5 22. axb5 axb5 23. Ra6 b4 24. cxd4 exd4 25. Qg1 Ne5 26. Be2 Rc8 27. Ra1 d3
28. Bxd3 Ng4 29. Re3 Nxe3 30. dxe3 Rfe8 31. g4 Rc7 32. Qf1 Rec8 33. Kg2 Qd6 34.
Ra6 Rc6 35. Ra1 Qc7 36. Bd2 Bxb2 37. Rb1 Bc3 38. Bxc3 bxc3 39. Bc2 Qe7 40. Qf3
Qe5 41. Rd1 Rd8 42. Rf1 Rf6 43. Rd1 Kg7 44. Rb1 Rd7 45. h4 Rh6 46. h5 Rf6 47.
Rd1 h6 48. Rb1 Ra6 49. Qd1 Qxe3 50. Qf1 Ra2 51. f6+ Kf7 52. Rc1 Qe4+ 53. Qf3
Rxc2+ 54. Rxc2 Qxc2+ 55. Kg3 Qd2 56. Kh3 c2 57. Qf5 Qe3+ 58. Kg2 Qe4+ 59. Kg3
Qxf5 60. gxf5 c1=Q 61. Kg2 Qc3 62. Kh2 Rb7 63. Kg2 Rb2+ 64. Kh1 Qc1# 0-1

[Event "Sri Lanka National B Chess Championship 2015"]
[Site "SLIIT, Malabe"]
[Date "2015.06.28"]
[Round "9"]
[Board "18"]
[White "Ranasinghe, S D"]
[Black "Wijesinghe, G B"]
[Result "1/2-1/2"]
[WhiteElo "1813"]
[BlackElo "1667"]
[PlyCount "102"]
[EventDate "2015.06.19"]
[EventRounds "10"]
[EventCountry "SRI"]

1. c4 e5 2. g3 Nc6 3. Bg2 f5 4. Nc3 Nf6 5. d3 Bb4 6. Bd2 d6 7. e3 O-O 8. Nge2
Qe8 9. O-O Qh5 10. a3 Ba5 11. b4 Bb6 12. Nd5 f4 13. gxf4 Bg4 14. f3 Bh3 15.
Nxb6 Bxg2 16. Kxg2 axb6 17. Kh1 Qh6 18. b5 Ne7 19. e4 Qh3 20. Qe1 Nh5 21. f5
Nxf5 22. exf5 Qxf5 23. Ng3 Nxg3+ 24. Qxg3 Qxd3 25. Bh6 Rf7 26. Qg4 Rxa3 27.
Rxa3 Qxf1+ 28. Qg1 Qxg1+ 29. Kxg1 gxh6 30. Ra8+ Kg7 31. Rc8 Kg6 32. Kg2 Kf5 33.
Re8 c6 34. bxc6 bxc6 35. Rc8 d5 36. Rxc6 dxc4 37. Rxc4 b5 38. Rb4 Rb7 39. Kf2
Ke6 40. Ke3 Kd5 41. Kd3 Kc5 42. Re4 Re7 43. Kc3 Kd5 44. Kb4 Rf7 45. Re3 Kd4 46.
Re4+ Kd5 47. Re3 Rb7 48. Re4 Rb6 49. Re3 Ke6 50. f4 Kf5 51. fxe5 Re6 1/2-1/2

[Event "Sri Lanka National B Chess Championship 2015"]
[Site "SLIIT, Malabe"]
[Date "2015.06.28"]
[Round "9"]
[Board "20"]
[White "Sathkumara, S M S C"]
[Black "Priyadarshana, Y Danushka"]
[Result "1/2-1/2"]
[WhiteElo "1486"]
[BlackElo "1641"]
[PlyCount "64"]
[EventDate "2015.06.19"]
[EventRounds "10"]
[EventCountry "SRI"]

1. e4 d5 2. exd5 Qxd5 3. Nc3 Qd8 4. d4 Nf6 5. Nf3 Bf5 6. Bc4 c6 7. Ne5 e6 8.
O-O Bd6 9. Bf4 Qc7 10. Re1 O-O 11. h3 Nd5 12. Bxd5 exd5 13. Qf3 f6 14. Nd3 Bxd3
15. Bxd6 Qxd6 16. Qxd3 Na6 17. Qd2 Rae8 18. a3 Qd7 19. Ne2 Re7 20. Ng3 Rfe8 21.
Rxe7 Rxe7 22. Re1 g6 23. Kf1 Qe8 24. Rxe7 Qxe7 25. Qd1 Nc7 26. Qg4 Qe6 27. Nh5
Kf7 28. Qf4 Qe7 29. Ng3 Nb5 30. Qh6 Kg8 31. c3 Nd6 32. Qc1 Nc4 {Poor recording}
 1/2-1/2

[Event "Sri Lanka National B Chess Championship 2015"]
[Site "SLIIT, Malabe"]
[Date "2015.06.28"]
[Round "10"]
[Board "2"]
[White "Edirisinghe, Dulan"]
[Black "Bhagya, Viman"]
[Result "1/2-1/2"]
[WhiteElo "2035"]
[BlackElo "2023"]
[PlyCount "28"]
[EventDate "2015.06.19"]
[EventRounds "10"]
[EventCountry "SRI"]

1. e4 e5 2. Nc3 Nf6 3. f4 d5 4. fxe5 Nxe4 5. d3 Nxc3 6. bxc3 Be7 7. Nf3 O-O 8.
Be2 Nc6 9. O-O f6 10. exf6 Bxf6 11. d4 Re8 12. Rb1 b6 13. Bf4 a6 14. Bd3 Bg4
 1/2-1/2

[Event "Sri Lanka National B Chess Championship 2015"]
[Site "SLIIT, Malabe"]
[Date "2015.06.28"]
[Round "10"]
[Board "4"]
[White "Herath, H M A K"]
[Black "Galappaththi, Chinthaka Anurud"]
[Result "1/2-1/2"]
[WhiteElo "1910"]
[BlackElo "2129"]
[PlyCount "27"]
[EventDate "2015.06.19"]
[EventRounds "10"]
[EventCountry "SRI"]

1. e4 e6 2. d4 d5 3. Nc3 Bb4 4. e5 Qd7 5. a3 Bxc3+ 6. bxc3 b6 7. Qg4 f5 8. Qh3
Ba6 9. Bxa6 Nxa6 10. Ne2 O-O-O 11. a4 Nb8 12. a5 Ne7 13. axb6 cxb6 14. Qd3
 1/2-1/2

[Event "Sri Lanka National B Chess Championship 2015"]
[Site "SLIIT, Malabe"]
[Date "2015.06.28"]
[Round "10"]
[Board "5"]
[White "Kurukulasuriya, Prasanna"]
[Black "Amarasinghe, A A C B"]
[Result "1-0"]
[WhiteElo "2102"]
[BlackElo "1829"]
[PlyCount "83"]
[EventDate "2015.06.19"]
[EventRounds "10"]
[EventCountry "SRI"]

1. e4 e5 2. Nf3 Nc6 3. Bb5 a6 4. Ba4 Nf6 5. O-O Be7 6. Re1 b5 7. Bb3 O-O 8. a4
Bb7 9. d3 d6 10. Nbd2 Na5 11. Ba2 c5 12. Nf1 Rb8 13. Ne3 Bc8 14. c3 b4 15. Nc4
h6 16. Nfd2 Bg4 17. Qc2 Nh5 18. Nxa5 Qxa5 19. Nc4 Qc7 20. Ne3 Be6 21. Nd5 Qb7
22. Bc4 Bd8 23. a5 Nf6 24. Nxf6+ Bxf6 25. Bxe6 fxe6 26. c4 Rf7 27. b3 Rbf8 28.
Be3 Bd8 29. Rf1 Rf6 30. f3 Rg6 31. f4 exf4 32. Bxf4 Qc6 33. e5 dxe5 34. Bxe5
Rxf1+ 35. Rxf1 Bxa5 36. d4 Rg5 37. h4 Rg4 38. Qf2 cxd4 39. g3 Bd8 40. Qf8+ Kh7
41. Rf7 d3 42. Kh2 1-0

[Event "Sri Lanka National B Chess Championship 2015"]
[Site "SLIIT, Malabe"]
[Date "2015.06.28"]
[Round "10"]
[Board "8"]
[White "Madushanka, Harsha"]
[Black "Lamawansa, Yasas"]
[Result "0-1"]
[WhiteElo "1839"]
[BlackElo "1960"]
[PlyCount "114"]
[EventDate "2015.06.19"]
[EventRounds "10"]
[EventCountry "SRI"]

1. e4 c5 2. Nc3 d6 3. d3 Nc6 4. Nge2 g6 5. Be3 Bg7 6. Qd2 b5 7. g3 Rb8 8. Bg2
b4 9. Nd1 Nd4 10. O-O Qb6 11. Rb1 Nf6 12. h3 O-O 13. f4 a5 14. g4 a4 15. f5
Nxe2+ 16. Qxe2 Nd7 17. h4 Ba6 18. Qd2 b3 19. axb3 axb3 20. c4 Qb4 21. Qxb4 Rxb4
22. Bd2 Rb6 23. Bf3 Bd4+ 24. Be3 Ne5 25. Be2 Bb7 26. Bxd4 cxd4 27. Ra1 Ra8 28.
Rxa8+ Bxa8 29. Nf2 Ra6 30. Rb1 Nd7 31. Kf1 Nc5 32. Ke1 Bc6 33. Kd2 Ra2 34. Bd1
Kg7 35. Nh3 Nxe4+ 36. dxe4 Bxe4 37. Bxb3 Bxb1 38. Bxa2 Bxa2 39. Kd3 gxf5 40.
gxf5 Bb1+ 41. Kxd4 Bxf5 42. Nf2 Bc8 43. c5 dxc5+ 44. Kxc5 Kf6 45. b4 Ke5 46. b5
Bb7 47. Nd3+ Ke4 48. Nb4 f5 49. Kb6 f4 50. Kxb7 f3 51. b6 f2 52. Ka7 f1=Q 53.
b7 Qa1+ 54. Na6 Qd4+ 55. Ka8 Qb6 56. Nc5+ Qxc5 57. b8=Q Qa3+ 0-1

[Event "Sri Lanka National B Chess Championship 2015"]
[Site "SLIIT, Malabe"]
[Date "2015.06.28"]
[Round "10"]
[Board "9"]
[White "Mendis, W G Chinthaka"]
[Black "Thilakarathne, G M H"]
[Result "0-1"]
[WhiteElo "1875"]
[BlackElo "1950"]
[PlyCount "116"]
[EventDate "2015.06.19"]
[EventRounds "10"]
[EventCountry "SRI"]

1. d4 Nf6 2. c4 e6 3. g3 d5 4. Nf3 dxc4 5. Bg2 Nc6 6. O-O Rb8 7. a4 b6 8. Nc3
Bb7 9. e3 Na5 10. Nd2 Nd5 11. Qe2 Be7 12. Rd1 O-O 13. Rb1 Qd7 14. Ra1 Bb4 15.
Ndb1 Rfd8 16. e4 Nxc3 17. bxc3 Be7 18. Bf4 Rbc8 19. Nd2 Bc6 20. Nxc4 Bxa4 21.
Re1 Bb5 22. Ne5 Bxe2 23. Nxd7 Bb5 24. Ne5 f6 25. Nf3 g5 26. Be3 Nc4 27. Rxa7
Nxe3 28. fxe3 Kf8 29. Nd2 Be8 30. Rb1 b5 31. Kf2 c5 32. Bh3 cxd4 33. cxd4 Rc2
34. Ke1 e5 35. d5 b4 36. Bf1 Rdc8 37. Bd3 Rc1+ 38. Rxc1 Rxc1+ 39. Ke2 Bh5+ 40.
Nf3 Rc3 41. Ra8+ Kf7 42. Bb5 Bg4 43. Be8+ Kg7 44. h3 Bxh3 45. Ne1 Rc8 46. Rxc8
Bxc8 47. Ba4 f5 48. Nd3 Kf6 49. exf5 Kxf5 50. Nf2 h5 51. Bc2+ Kf6 52. Ne4+ Kf7
53. d6 Bd8 54. Nc5 Bg4+ 55. Kf2 Bf6 56. Bb3+ Ke8 57. Nd3 Kd7 58. Nxb4 Kxd6 {
poor recording} 0-1

[Event "Sri Lanka National B Chess Championship 2015"]
[Site "SLIIT, Malabe"]
[Date "2015.06.28"]
[Round "10"]
[Board "10"]
[White "Subasinghe, K R V R"]
[Black "Gunaratne, Mojitha Sathsara"]
[Result "1-0"]
[WhiteElo "1835"]
[BlackElo "1899"]
[PlyCount "160"]
[EventDate "2015.06.19"]
[EventRounds "10"]
[EventCountry "SRI"]

1. e4 e5 2. Nf3 Nc6 3. Bc4 Nf6 4. d3 Be7 5. Nc3 d6 6. h3 O-O 7. Bg5 Na5 8. Bb3
c5 9. Qd2 Nxb3 10. axb3 Be6 11. O-O h6 12. Be3 Bd7 13. Nh2 Nh7 14. f4 f5 15.
fxe5 dxe5 16. exf5 Bxf5 17. Rae1 Ng5 18. Qe2 Ne6 19. Bf2 Bd6 20. Ne4 Nd4 21.
Bxd4 exd4 22. Nxd6 Qxd6 23. Qe5 Qd7 24. Nf3 b6 25. Qg3 Rae8 26. Nh4 Bh7 27.
Rxf8+ Rxf8 28. Qe5 Qf7 29. Qe6 Qxe6 30. Rxe6 Kf7 31. Rc6 Re8 32. Kf2 Re6 33.
Rc7+ Re7 34. Rc6 Ke8 35. Rc8+ Kd7 36. Rh8 g5 37. Nf3 Ke6 38. b4 cxb4 39. Nxd4+
Kd7 40. Ra8 a5 41. Ra6 Kc7 42. Ra7+ Kd6 43. Ra8 Rd7 44. Ke3 Kd5 45. Nf3 Re7+
46. Kd2 Bf5 47. Rd8+ Rd7 48. Rf8 Bg6 49. Ra8 Bh7 50. Rb8 Rd6 51. Re8 Bg6 52.
Re5+ Kc6 53. Re3 Bf5 54. Ne5+ Kc7 55. Rf3 Be6 56. Rf2 b5 57. Nf7 Bxf7 58. Rxf7+
Kc6 59. Rf5 Rd5 60. Rf6+ Rd6 61. Rf5 Rd5 62. Rf8 h5 63. Ra8 a4 64. Rc8+ Kd6 65.
Rf8 Ke6 66. Re8+ Kd6 67. Re4 Kc5 68. Re8 Rf5 69. Re2 a3 70. bxa3 bxa3 71. Kc3
b4+ 72. Kb3 Rf1 73. d4+ Kxd4 74. Kxb4 a2 75. c3+ Kd3 76. Rxa2 Rb1+ 77. Kc5 Kxc3
78. Kd5 Kd3 79. Ke5 Rb5+ 80. Kf6 Ke3 1-0

[Event "Sri Lanka National B Chess Championship 2015"]
[Site "SLIIT, Malabe"]
[Date "2015.06.28"]
[Round "10"]
[Board "12"]
[White "Madusanka, L D P"]
[Black "Thilakarathne, G M S"]
[Result "0-1"]
[WhiteElo "1737"]
[BlackElo "1890"]
[PlyCount "60"]
[EventDate "2015.06.19"]
[EventRounds "10"]
[EventCountry "SRI"]

1. e4 c5 2. Nc3 Nc6 3. f4 g6 4. Nf3 Bg7 5. Bb5 Nd4 6. O-O a6 7. Be2 d6 8. d3 e6
9. Kh1 Ne7 10. Be3 O-O 11. Qd2 b5 12. Nd1 Qc7 13. c3 Nxe2 14. Qxe2 Bb7 15. Nf2
f5 16. Bd2 e5 17. fxe5 dxe5 18. Rae1 Rae8 19. Qd1 h6 20. Nh4 c4 21. exf5 Nxf5
22. Nxf5 gxf5 23. Qh5 Qc6 24. Qh3 Rd8 25. Re3 f4 26. Re2 f3 27. Re4 fxg2+ 28.
Qxg2 Qf6 29. Kg1 Bxe4 30. Nxe4 Qxf1+ 0-1

[Event "Sri Lanka National B Chess Championship 2015"]
[Site "SLIIT, Malabe"]
[Date "2015.06.28"]
[Round "10"]
[Board "13"]
[White "Lasitha, Subash"]
[Black "Liyanapathirana, Pasan Vindula"]
[Result "1/2-1/2"]
[WhiteElo "1750"]
[BlackElo "1847"]
[PlyCount "20"]
[EventDate "2015.06.19"]
[EventRounds "10"]
[EventCountry "SRI"]

1. d4 Nf6 2. Nf3 e6 3. g3 b6 4. Bg2 Bb7 5. O-O c5 6. c3 cxd4 7. cxd4 Be7 8. Nc3
d6 9. Bd2 O-O 10. Rc1 Nbd7 1/2-1/2

[Event "Sri Lanka National B Chess Championship 2015"]
[Site "SLIIT, Malabe"]
[Date "2015.06.28"]
[Round "10"]
[Board "14"]
[White "Anojman, S."]
[Black "Weerasinghe, Chamath"]
[Result "1/2-1/2"]
[WhiteElo "1610"]
[BlackElo "1825"]
[PlyCount "25"]
[EventDate "2015.06.19"]
[EventRounds "10"]
[EventCountry "SRI"]

1. d4 Nf6 2. Nf3 d5 3. c4 c6 4. Nc3 e6 5. e3 Be7 6. Bd3 Nbd7 7. Bd2 dxc4 8.
Bxc4 b5 9. Bd3 Bb7 10. a3 a6 11. b4 O-O 12. e4 Qc7 13. e5 1/2-1/2

[Event "Sri Lanka National B Chess Championship 2015"]
[Site "SLIIT, Malabe"]
[Date "2015.06.28"]
[Round "10"]
[Board "15"]
[White "Weerakoon, R K B"]
[Black "Ranasinghe, S D"]
[Result "1/2-1/2"]
[WhiteElo "1535"]
[BlackElo "1813"]
[PlyCount "26"]
[EventDate "2015.06.19"]
[EventRounds "10"]
[EventCountry "SRI"]

1. e4 c5 2. Nf3 Nc6 3. d4 cxd4 4. Nxd4 e5 5. Nb3 Nf6 6. f3 Bb4+ 7. c3 Be7 8.
Be3 O-O 9. Bd3 d5 10. N1d2 Be6 11. O-O dxe4 12. Nxe4 Nd5 13. Bf2 b6 1/2-1/2

[Event "Sri Lanka National B Chess Championship 2015"]
[Site "SLIIT, Malabe"]
[Date "2015.06.28"]
[Round "10"]
[Board "16"]
[White "Lakshitha, H H Sasindu"]
[Black "Sathkumara, S M S C"]
[Result "1/2-1/2"]
[WhiteElo "1689"]
[BlackElo "1486"]
[PlyCount "81"]
[EventDate "2015.06.19"]
[EventRounds "10"]
[EventCountry "SRI"]

1. d4 Nf6 2. c4 c5 3. d5 b5 4. cxb5 a6 5. bxa6 Bxa6 6. Nc3 g6 7. e3 Bxf1 8.
Kxf1 Bg7 9. g3 O-O 10. Kg2 d6 11. Nf3 Nbd7 12. Re1 Qa5 13. Bd2 Ng4 14. h3 Nge5
15. Nxe5 Nxe5 16. Ne4 Qa6 17. Bc3 Rfb8 18. Qc2 Nd3 19. Reb1 Nb4 20. Qd2 Qc4 21.
f3 Bxc3 22. Nxc3 Nxa2 23. e4 Qb3 24. g4 Nxc3 25. bxc3 Qxb1 26. Rxb1 Rxb1 27.
Kg3 Rb3 28. e5 Raa3 29. exd6 exd6 30. Qf4 Rxc3 31. Qxd6 Rxf3+ 32. Kg2 Rg3+ 33.
Kf2 Rxh3 34. Qb8+ Kg7 35. Qe5+ Kg8 36. g5 Rhf3+ 37. Kg2 Rg3+ 38. Kh2 Rge3 39.
Qb8+ Kg7 40. Kg2 Rab3 41. Qd8 1/2-1/2

[Event "Sri Lanka National B Chess Championship 2015"]
[Site "SLIIT, Malabe"]
[Date "2015.06.28"]
[Round "10"]
[Board "17"]
[White "Wijesinghe, G B"]
[Black "Sandeepa, Haputhanthrige N Aks"]
[Result "0-1"]
[WhiteElo "1667"]
[BlackElo "1458"]
[PlyCount "74"]
[EventDate "2015.06.19"]
[EventRounds "10"]
[EventCountry "SRI"]

1. e4 c5 2. Nc3 g6 3. f4 Bg7 4. Nf3 e6 5. Bc4 Ne7 6. d3 Nbc6 7. O-O O-O 8. Qe1
d5 9. Bb3 Nd4 10. Qh4 a6 11. f5 gxf5 12. exd5 Nxf3+ 13. Rxf3 Ng6 14. Qe1 Re8
15. Qf1 Ne5 16. Rg3 Ng4 17. Rxg4 fxg4 18. Bd2 b5 19. Re1 Ra7 20. Ne4 h6 21. c3
exd5 22. Nf6+ Bxf6 23. Rxe8+ Qxe8 24. Qxf6 Qe6 25. Qf4 Re7 26. d4 cxd4 27. cxd4
Qe4 28. Qxh6 Qxd4+ 29. Kh1 Qe5 30. Kg1 Qd4+ 31. Kh1 Qxb2 32. Qg5+ Kf8 33. h4
Qa1+ 34. Kh2 Qe5+ 35. Qxe5 Rxe5 36. Kg3 Be6 37. Bb4+ Kg8 0-1

[Event "Sri Lanka National B Chess Championship 2015"]
[Site "SLIIT, Malabe"]
[Date "2015.06.28"]
[Round "10"]
[Board "18"]
[White "De Silva, Rasheen"]
[Black "Nanayakkara, J A K Saranath"]
[Result "1/2-1/2"]
[WhiteElo "1788"]
[BlackElo "1872"]
[PlyCount "72"]
[EventDate "2015.06.19"]
[EventRounds "10"]
[EventCountry "SRI"]

1. e4 c5 2. Nf3 d6 3. d4 cxd4 4. Nxd4 Nf6 5. Nc3 a6 6. Bg5 e6 7. f4 Be7 8. Qf3
Nbd7 9. Bc4 h6 10. Bh4 g5 11. fxg5 Ne5 12. Qe2 Nfg4 13. Bb3 Bxg5 14. Bg3 h5 15.
Nf3 h4 16. Bxe5 Nxe5 17. Nxe5 dxe5 18. O-O Bd7 19. Qf2 Rf8 20. Rad1 Qc7 21. Qe2
Qc5+ 22. Kh1 b5 23. Rf3 Ke7 24. Rfd3 Rad8 25. Qh5 Bf6 26. Rf1 Rh8 27. Qf3 Rh6
28. Rfd1 b4 29. Nb1 Ke8 30. Nd2 Bc8 31. Nc4 Rxd3 32. Qxd3 Be7 33. a4 Rg6 34.
Nd6+ Bxd6 35. Qxd6 Qxd6 36. Rxd6 Rg4 1/2-1/2

[Event "Sri Lanka National B Chess Championship 2015"]
[Site "SLIIT, Malabe"]
[Date "2015.06.28"]
[Round "10"]
[Board "19"]
[White "Priyadarshana, Y Danushka"]
[Black "Jayasundara, P K U M"]
[Result "0-1"]
[WhiteElo "1641"]
[BlackElo "2031"]
[PlyCount "128"]
[EventDate "2015.06.19"]
[EventRounds "10"]
[EventCountry "SRI"]

1. e4 c5 2. Nc3 Nc6 3. d3 Nf6 4. g3 d5 5. exd5 Nxd5 6. Bg2 Nxc3 7. bxc3 g6 8.
Bd2 Bg7 9. Ne2 O-O 10. O-O Bd7 11. Rb1 Rb8 12. c4 b6 13. Bc3 e5 14. f4 Nd4 15.
fxe5 Bg4 16. Bxd4 cxd4 17. Qd2 Bxe5 18. Nf4 Qg5 19. Qf2 Bd7 20. Nd5 Kg7 21. Kh1
Rbe8 22. Rbe1 h5 23. Nf4 h4 24. gxh4 Qxf4 25. Qxf4 Bxf4 26. Rxe8 Rxe8 27. Rxf4
Re1+ 28. Bf1 Rc1 29. Kg2 Rxc2+ 30. Kg3 Rxa2 31. Rxd4 Bf5 32. Bh3 Bxh3 33. Kxh3
a5 34. Rd7 Rd2 35. d4 a4 36. d5 a3 37. Ra7 a2 38. d6 Kf6 39. d7 Ke7 40. Kg3 Rc2
41. h3 Rc3+ 42. Kg2 Rxc4 43. Rxa2 Kxd7 44. Ra7+ Rc7 45. Ra1 b5 46. Rb1 Rb7 47.
Kf3 b4 48. Ke4 b3 49. Ke5 b2 50. Kd5 Ke7 51. Re1+ Kf6 52. Rb1 Kg7 53. Ke5 Rb5+
54. Kf4 Kh6 55. Kg4 Rb4+ 56. Kg3 Kh5 57. Kh2 Kxh4 58. Kg2 Rb3 59. Kf2 f5 60.
Kg2 g5 61. Kg1 Kg3 62. Kh1 Rc3 63. Rg1+ Kxh3 64. Rg3+ Kxg3 0-1

[Event "Sri Lanka National B Chess Championship 2015"]
[Site "SLIIT, Malabe"]
[Date "2015.06.28"]
[Round "10"]
[Board "20"]
[White "Herath, H M H C B"]
[Black "Prabajith, Asela"]
[Result "0-1"]
[WhiteElo "1438"]
[BlackElo "1845"]
[PlyCount "170"]
[EventDate "2015.06.19"]
[EventRounds "10"]
[EventCountry "SRI"]

1. d4 Nf6 2. c4 e6 3. Nc3 Bb4 4. Qc2 b6 5. a3 Bxc3+ 6. Qxc3 Bb7 7. Bf4 d6 8.
Nf3 Nbd7 9. e3 Ne4 10. Qc2 f5 11. h3 Qe7 12. Bd3 O-O 13. Bh2 Kh8 14. O-O Rf6
15. Qe2 Rg8 16. Bxe4 Bxe4 17. Ng5 Rgf8 18. Bf4 Qe8 19. Rad1 Bb7 20. d5 e5 21.
Bg3 Qg6 22. Ne6 Rc8 23. Kh2 Rf7 24. f4 e4 25. b4 Nf8 26. Nd4 Ra8 27. Be1 a6 28.
a4 Qf6 29. h4 Bc8 30. g3 Qh6 31. Bc3 Ng6 32. Rg1 Ne7 33. Ra1 Ng8 34. a5 Nf6 35.
axb6 cxb6 36. Nc6 Nd7 37. Nd8 Re7 38. Qb2 Nf6 39. Bxf6 Qxf6 40. Qxf6 gxf6 41.
Nc6 Rc7 42. Rgc1 Bd7 43. Nd4 Kg7 44. Nb3 Kf7 45. c5 bxc5 46. bxc5 dxc5 47. Rxc5
Rxc5 48. Nxc5 Bb5 49. Kh3 h5 50. Nb7 Ke7 51. Rd1 Rc8 52. Na5 Kd6 53. Nb7+ Ke7
54. Na5 Rc3 55. Re1 Kd6 56. Rd1 Rd3 57. Nb7+ Kxd5 58. Re1 Kc6 59. Na5+ Kb6 60.
Ra1 Rxe3 61. Kg2 Rc3 62. Kf2 e3+ 63. Ke1 Bd3 64. Kd1 Be4 65. Ke1 Bd5 66. Kd1
Rc5 67. Nc4+ Bxc4 68. Ke1 Rd5 69. Rc1 Kc5 70. Ra1 e2 71. Rc1 Rd1+ 72. Rxd1
exd1=Q+ 73. Kxd1 Kd4 74. Kd2 a5 75. Kc1 Ke3 76. Kd1 Kf2 77. Kd2 Kxg3 78. Ke3
Kxh4 79. Kf2 Kg4 80. Ke1 Kf3 81. Kd2 h4 82. Kc3 Be2 83. Kb3 h3 84. Ka4 h2 85.
Kxa5 h1=Q 0-1